书目信息 |
| 题名: |
模拟电子技术基础简明教程
|
|
| 作者: | 杨素行 编 | |
| 分册: | ||
| 出版信息: | 2022.08 |
|
| 页数: | 449页 | |
| 开本: | 20cm | |
| 丛书名: | ||
| 单 册: | ||
| 中图分类: | TN710 | |
| 科图分类: | ||
| 主题词: | 电子电路 | |
| 电子资源: | ||
| ISBN: | ||
| 000 | 00534nam0 2200181 450 | |
| 001 | 2640296591 | |
| 005 | 20260305111502.89 | |
| 010 | @dCNY61.00 | |
| 100 | @a20260305d2022 km y0chiy0120 ea | |
| 101 | 0 | @achi |
| 200 | 1 | @a模拟电子技术基础简明教程@AMo Ni Dian Zi Ji Shu Ji Chu Jian Ming Jiao Cheng@f杨素行编@FYang Su Xing Bian |
| 210 | @d2022.08 | |
| 215 | @a449页@d20cm | |
| 606 | 0 | @a电子电路 |
| 690 | @aTN710@v4 | |
| 701 | 0 | @a杨素行@AYang Su Xing@4编 |
| 801 | 0 | @aCN@b大连网信软件有限公司图书馆·11@c20260305 |
| 905 | @aZUCC@dTN710@e447 | |
| 模拟电子技术基础简明教程/杨素行编.-2022.08 |
| 449页;20cm |
| ISBN :CNY61.00 |
| ● |
| 相关链接 |
|
|
|
|
正题名:模拟电子技术基础简明教程
索取号:TN710/447
 
预约/预借
| 序号 | 登录号 | 条形码 | 馆藏地/架位号 | 状态 | 备注 |
| 1 | 1442148 | 214421482 | 第二样本阅览室/ [索取号:TN710/447] | 在馆 |